Представление документа в формате RUSMARC

ПолеНазваниеЗначение
  Тип записи a
  Библиографический уровень m
001 Контрольный номер Book/7251
005 Дата корректировки 20250129092824.7
010 Индекс ISBN __
a ISBN 978-5-8243-1278-2
b Уточнения в пер.
9 Тираж 1 000 экз.
d Цена 150 р. 00 к.
090 Данные записи __
a Состояние записи 66.1(2)
b Тип записи Книги
c Язык записи Русский
d Отрасль знаний (КСУ) Другая
e Секретность Несекретно
g Вид записи Монография (однотомник)
x Дата передачи записи для обработки П38
100 Данные общей обработки __
a Данные общей обработки 20101115d2013 u u 1rusy ||||ca
101 Язык документа 0_
a Язык текста rus
105 Кодированные данные (монография) __
a Кодированные данные (монография) a z 000yy
200 Заглавие и сведения об ответственности 1_
a Заглавие Избранные труды
f Первые сведения об ответственности Г. В. Плеханов
g Последующие сведения об ответственности сост., авт. вступ. ст. и коммент. С. В. Тютюкин
210 Выходные данные 1_
a Место издания Москва
c Издательство Российская политическая энциклопедия
d Дата издания 2010
215 Физическое описание __
a Объем 552 с.
d Формат см
225 Серия 1_
a Серия Библиотека отечественной общественной мысли с древнейших времен до начала ХХ века
300 Общие примечания __
a Общие примечания 16+
606 Тематические рубрики 0_
a Основная рубрика Политическая мысль - Россия - История
610 Ключевые слова 0_
a Ключевые слова политическая мысль; общественная мысль в России; марксизм в России; пропагандисты марксизма
686 Индексы других классификаций __
a Классификационный индекс 66.1(2)
2 Код системы rubbk
700 Автор _1
a Фамилия Плеханов
b Имя (инициалы) Г. В.
g Полное личное имя Георгий Валентинович
801 Источник записи _0
a Страна RU
b Организация МБУК ЦБС г. Ульяновска
c Дата составления 20101115
801 Источник записи _1
a Страна RU
b Организация МБУК ЦБС г. Ульяновска
c Дата составления 20101115
852 Данные о местонахождении __
i Авторский знак П 38
j Шифр хранения 66.1(2)
899 Данные о местонахождении __
3 Книга № 13785
a Местонахождение 9 ф
d Название фонда Инв.книга №1
q Состояние Свободно
x Инвентарный номер 142362